Diccionario de Ciencia política / (Record no. 72721)

MARC details
000 -LEADER
campo de control de longitud fija 00836nam a2200241 i 4500
001 - NÚMERO DE CONTROL
campo de control 72721
003 - IDENTIFICADOR DE NÚMERO DE CONTROL
campo de control ES-MaACL
005 - FECHA Y HORA DE LA ÚLTIMA TRANSACCIÓN
campo de control 20230906171531.0
007 - CAMPO FIJO DE DESCRIPCIÓN FÍSICA--INFORMACIÓN GENERAL
campo de control de longitud fija t|
008 - DATOS DE LONGITUD FIJA--INFORMACIÓN GENERAL
campo de control de longitud fija 040902s1980 sp ||||1| spa d
100 1# - ENTRADA PRINCIPAL--NOMBRE DE PERSONA
Nombre de persona Görlitz, Axel.
9 (RLIN) 59195
245 10 - MENCIÓN DEL TÍTULO
Título Diccionario de Ciencia política /
Mención de responsabilidad, etc. dirigido por Axel Goerlitz ; versión Jaime Nicolás Muñiz y Germán López Orfanel ; apéndice de Francisco Rubio Llorente.
260 ## - PUBLICACIÓN, DISTRIBUCIÓN, ETC.
Lugar de publicación, distribución, etc. [Madrid] :
Nombre del editor, distribuidor, etc. Alianza,
Fecha de publicación, distribución, etc. [1980]
300 ## - DESCRIPCIÓN FÍSICA
Extensión 628 p. ;
Dimensiones 24 cm.
490 1# - MENCIÓN DE SERIE
Mención de serie Alianza diccionarios
650 04 - PUNTO DE ACCESO ADICIONAL DE MATERIA--TÉRMINO DE MATERIA
Término de materia o nombre geográfico como elemento de entrada Política-
Subdivisión de forma Diccionarios.
9 (RLIN) 16269
700 1# - ENTRADA AGREGADA--NOMBRE PERSONAL
Nombre de persona Nicolas Muñiz, Jaime.
9 (RLIN) 85575
700 1# - ENTRADA AGREGADA--NOMBRE PERSONAL
Nombre de persona López Orfanel, Germán.
9 (RLIN) 73845
700 1# - ENTRADA AGREGADA--NOMBRE PERSONAL
Nombre de persona Rubio Llorente, Francisco.
9 (RLIN) 100424
830 0# - PUNTO DE ACCESO ADICIONAL DE SERIE-TÍTULO UNIFORME
Título uniforme Alianza diccionarios
9 (RLIN) 177801
852 ## - LOCALIZACIÓN
Ubicación ES-MaACL
Número de control de estantería L-2223
Sublocalización o colección R.102802
Holdings
Estatus retirado Estado de pérdida Estado de daño No para préstamo Colección Biblioteca de origen Biblioteca actual Ubicación en estantería Fecha de adquisición Fuente de adquisición Total de préstamos Signatura topográfica completa Código de barras Visto por última vez Precio de reemplazo Tipo de ítem Koha
        Colección de referencia Biblioteca del Ateneo de Madrid Biblioteca del Ateneo de Madrid Depósito 2 17/01/2008     L-2223 1076126 23/02/2023 23/02/2023 Libro impreso